000 00234nam a2200097Ia 4500
008 230508s1997 xx 000 0 und d
041 _aeng
100 _aKANITKAR S.G.
245 _aINDUSTRIAL ORGANISATION & MANAGEMENT
260 _c1997
999 _c311184
_d311184